Labour market inequality between men and women : current issues in law and economics /
Saved in:
| Other Authors: | , , |
|---|---|
| Format: | Book |
| Language: | English |
| Published: |
Amsterdam :
Thesis Publishers,
1996.
|
| Subjects: | |
| Tags: |
Add Tag
No Tags, Be the first to tag this record!
|
| LEADER | 01149aam a2200325 a 4500 | ||
|---|---|---|---|
| 001 | 007166399-1 | ||
| 005 | 20020606163548.3 | ||
| 008 | 970501s1996 ne a b 000 0 eng d | ||
| 010 | |a 97146418 | ||
| 020 | |a 9051703759 | ||
| 035 | 0 | |a ocm37008729 | |
| 040 | |a DJB |c DJB |d DLC | ||
| 042 | |a lccopycat | ||
| 043 | |a e------ | ||
| 050 | 0 | 0 | |a HD6134 |b .L25 1996 |
| 082 | 0 | 0 | |a 331.13/3 |2 21 |
| 245 | 0 | 0 | |a Labour market inequality between men and women : |b current issues in law and economics / |c editors, B. Hessel, J.J. Schippers, J.J. Siegers. |
| 260 | |a Amsterdam : |b Thesis Publishers, |c 1996. | ||
| 300 | |a v, 153 p. : |b ill. ; |c 24 cm. | ||
| 504 | |a Includes bibliographical references. | ||
| 650 | 0 | |a Women |x Employment |z European Union countries. | |
| 650 | 0 | |a Men |x Employment |z European Union countries. | |
| 650 | 0 | |a Discrimination in employment |z European Union countries. | |
| 650 | 0 | |a Labor market |z European Union countries. | |
| 650 | 0 | |a Labor laws and legislation |z European Union countries. | |
| 700 | 1 | |a Hessel, B. | |
| 700 | 1 | |a Schippers, Johannes Jan, |d 1956- | |
| 700 | 1 | |a Siegers, Jacques J., |d 1948- | |
| 988 | |a 20020608 | ||
| 906 | |0 OCLC | ||


